ՀՀ Գիտությունների ազգային ակադեմիայի հիմնարար գիտական գրադարան  =   Fundamental Scientific Library of NAS RA

Автобиографические записки / (Record no. 285132)

MARC details
000 -LEADER
fixed length control field 00921nam a2200265 u 4500
001 - CONTROL NUMBER
control field 000778908
003 - CONTROL NUMBER IDENTIFIER
control field AM-YeHGA
005 - DATE AND TIME OF LATEST TRANSACTION
control field 20250617144001.0
008 - FIXED-LENGTH DATA ELEMENTS--GENERAL INFORMATION
fixed length control field 101215s1952 ||||||||r|||||000|0|rus|d
040 ## - CATALOGING SOURCE
Original cataloging agency AM-YeHGA
041 0# - LANGUAGE CODE
Language code of text/sound track or separate title rus
090 ## - LOCALLY ASSIGNED LC-TYPE CALL NUMBER (OCLC); LOCAL CALL NUMBER (RLIN)
-- 286795
100 1# - MAIN ENTRY--PERSONAL NAME
Personal name Сеченов, Иван Михайлович
245 10 - TITLE STATEMENT
Title Автобиографические записки /
Statement of responsibility, etc. И.М. Сеченов.
260 ## - PUBLICATION, DISTRIBUTION, ETC.
Place of publication, distribution, etc. Москва :
Name of publisher, distributor, etc. Изд-во АМН СССР,
Date of publication, distribution, etc. 1952.
300 ## - PHYSICAL DESCRIPTION
Extent 292 с. :
Other physical details ил. ;
Dimensions 20 см.
440 #0 - SERIES STATEMENT/ADDED ENTRY--TITLE
Title Выдающиеся деятели отечественной медицины
600 14 - SUBJECT ADDED ENTRY--PERSONAL NAME
Personal name Сеченов, Иван Михайлович
Dates associated with a name 1829-1905
650 14 - SUBJECT ADDED ENTRY--TOPICAL TERM
Topical term or geographic name entry element Личности выдающиеся
650 14 - SUBJECT ADDED ENTRY--TOPICAL TERM
Topical term or geographic name entry element Врачи
650 14 - SUBJECT ADDED ENTRY--TOPICAL TERM
Topical term or geographic name entry element Биография
650 14 - SUBJECT ADDED ENTRY--TOPICAL TERM
Topical term or geographic name entry element Научные исследования
650 14 - SUBJECT ADDED ENTRY--TOPICAL TERM
Topical term or geographic name entry element Физиология
942 ## - ADDED ENTRY ELEMENTS (KOHA)
Source of classification or shelving scheme Universal Decimal Classification
Koha item type Գրքեր / Books
Holdings
Withdrawn status Lost status Damaged status Not for loan Collection Home library Current library Date acquired Total checkouts Full call number Barcode Date last seen Price effective from Koha item type Public note Source of classification or shelving scheme
        General Fundamental Scientific Library Fundamental Scientific Library 29/12/2016   PII/492834 FL0244600 29/12/2016 29/12/2016 Գրքեր / Books 30 Days Loan  
        General Fundamental Scientific Library Fundamental Scientific Library 08/02/2019   РД II/38924 FL0550947 08/02/2019 08/02/2019 Գրքեր / Books 30 Days Loan Universal Decimal Classification
        General Fundamental Scientific Library Fundamental Scientific Library 08/02/2019   РД II/38925 FL0550948 08/02/2019 08/02/2019 Գրքեր / Books 30 Days Loan Universal Decimal Classification


ՀՀ ԳԱԱ հիմնարար գիտական գրադարան
ՀՀ,Երևան 0019
Մարշալ Բաղրամյան 24/6
հեռախոս:(374-10) 52-47-50
Հետադարձ կապ

All site content, except where otherwise noted, is licensed under a
Creative Commons License